00898nam a2200193Ia 4500001001100000003001000011008004100021040002500062041001200087100002100099245003100120250001100151260008900162300002500251500014400276501011400420520014400534650002600678L871-38093IT-CnALBA170116s9999||||xx |||||||||||||| ||und|| aIT-CnALBAcIT-CnALBA aLATINO  aORAZIO Q. FLACCO 0aQ. HONORATI FLACCI OPERA.  a2a ed. a ONOXIIbCLARENDONIANUS TYPOGRAPHEUS c1963 [1° Ed.:1901 - Ed.Ling.Originale: 1901] a p. (prefazione: 10) aNOTE CRITICHE DI WICKHAM E. GARROD H. W. XII RISTAMPE. CARMI EPODI. SERMONI. LETTERE. ARTE POETICA. DUE PREFAZIONI. SECONDA EDIZIONE 1912.  aSocietà San Paolo EM - Piazza San Paolo, 14 - 12051 ALBA (CN) (non commercial uses only) ® Copyright 2017 aNOTE CRITICHE DI WICKHAM E. GARROD H. W. XII RISTAMPE. CARMI EPODI. SERMONI. LETTERE. ARTE POETICA. DUE PREFAZIONI. SECONDA EDIZIONE 1912.  aPROSE E POESIA LATINA